<?xml version="1.0" encoding="UTF-8"?>
<record
    xmlns:xsi="http://www.w3.org/2001/XMLSchema-instance"
    xsi:schemaLocation="http://www.loc.gov/MARC21/slim http://www.loc.gov/standards/marcxml/schema/MARC21slim.xsd"
    xmlns="http://www.loc.gov/MARC21/slim">

  <leader>00754nam a22001937a 4500</leader>
  <datafield tag="999" ind1=" " ind2=" ">
    <subfield code="c">186440</subfield>
    <subfield code="d">186440</subfield>
  </datafield>
  <controlfield tag="005">20220302114113.0</controlfield>
  <datafield tag="010" ind1=" " ind2=" ">
    <subfield code="a">UR-11452</subfield>
  </datafield>
  <datafield tag="020" ind1=" " ind2=" ">
    <subfield code="c">300.00</subfield>
    <subfield code="a">9789390789627</subfield>
  </datafield>
  <datafield tag="035" ind1=" " ind2=" ">
    <subfield code="a">U-10007</subfield>
  </datafield>
  <datafield tag="037" ind1=" " ind2=" ">
    <subfield code="b">DBAD/PUB</subfield>
    <subfield code="a">dpl</subfield>
  </datafield>
  <datafield tag="082" ind1=" " ind2=" ">
    <subfield code="a">808.4</subfield>
  </datafield>
  <datafield tag="100" ind1=" " ind2=" ">
    <subfield code="d">&#x645;&#x631; &#x62A;&#x628;&#x6C1;: &#x645;&#x62D;&#x645;&#x62F; &#x627; &#x646;&#x648; &#x631; &#x627; &#x644;&#x62F; &#x64A;&#x6BA; </subfield>
  </datafield>
  <datafield tag="245" ind1=" " ind2=" ">
    <subfield code="a">&#x628;&#x6C1;&#x627; &#x631; &#x622; &#x62E;&#x631; &#x634;&#x62F; (&#x688; &#x627; &#x6A9;&#x679;&#x631; &#x633;&#x64A;&#x62F; &#x639;&#x628;&#x627; &#x633; &#x645;&#x62A;&#x642;&#x6CC; &#x6A9;&#x6D2; &#x645;&#x646;&#x62A;&#x62E;&#x628; &#x62E;&#x627; &#x6A9;&#x6D2; ) </subfield>
    <subfield code="c">&#x645;&#x631; &#x62A;&#x628;&#x6C1;: &#x645;&#x62D;&#x645;&#x62F; &#x627; &#x646;&#x648; &#x631; &#x627; &#x644;&#x62F; &#x64A;&#x6BA; </subfield>
  </datafield>
  <datafield tag="246" ind1=" " ind2=" ">
    <subfield code="b">Bahar Aakhir Shud  (Urdu)</subfield>
    <subfield code="a">by Mohd. Anweruddin </subfield>
  </datafield>
  <datafield tag="260" ind1=" " ind2=" ">
    <subfield code="a">Delhi </subfield>
    <subfield code="b">Educational Publishing House</subfield>
    <subfield code="c">2020 &#x621;</subfield>
  </datafield>
  <datafield tag="270" ind1=" " ind2=" ">
    <subfield code="a">3191,Vakil Street,Kucha Pandit,Lal Kuan,</subfield>
    <subfield code="b">Delhi </subfield>
    <subfield code="e">110006</subfield>
    <subfield code="k">23216162</subfield>
    <subfield code="l">-</subfield>
  </datafield>
  <datafield tag="300" ind1=" " ind2=" ">
    <subfield code="a">128 &#x635; </subfield>
    <subfield code="c">22 Cm(Hb)</subfield>
  </datafield>
  <datafield tag="942" ind1=" " ind2=" ">
    <subfield code="2">ddc</subfield>
    <subfield code="c">UR</subfield>
    <subfield code="h">808.4</subfield>
    <subfield code="m">&#x645; &#x62D; &#x645; </subfield>
  </datafield>
  <datafield tag="952" ind1=" " ind2=" ">
    <subfield code="0">0</subfield>
    <subfield code="1">0</subfield>
    <subfield code="4">0</subfield>
    <subfield code="7">1</subfield>
    <subfield code="8">NFIC</subfield>
    <subfield code="a">DBAD</subfield>
    <subfield code="b">L</subfield>
    <subfield code="d">2022-03-02</subfield>
    <subfield code="e">DBAD/PUB</subfield>
    <subfield code="g">300.00</subfield>
    <subfield code="l">0</subfield>
    <subfield code="o">808.4 &#x645; &#x62D; &#x645;</subfield>
    <subfield code="p">U-10007</subfield>
    <subfield code="r">2022-03-02 00:00:00</subfield>
    <subfield code="t">1</subfield>
    <subfield code="v">300.00</subfield>
    <subfield code="w">2022-03-02</subfield>
    <subfield code="y">UR</subfield>
  </datafield>
</record>
